| 000 | 01075nam a2200253 a 4500 | ||
|---|---|---|---|
| 001 | 000047438 | ||
| 005 | 20250621074009.0 | ||
| 008 | 180529s2016 dr 000 0 spa d | ||
| 020 | _a9789993467977 | ||
| 040 |
_aDO-SdBNP _bspa _cBNPHU |
||
| 082 |
_a324.22097293 _bC965L |
||
| 100 | 1 |
_aCuello, Zoraima _975072 |
|
| 245 | 1 | 3 |
_aEl líder de cerca. Danilo Medina Sánchez : _bcompetencias, características y habilidades / _cZoraima Cuello. |
| 260 |
_aSanto Domingo : _bAmigo del Hogar, _c2016. |
||
| 300 |
_a258 p. : _bil, retr. ; _c23 cm. |
||
| 504 | _aBibliografía : p. 255-258 | ||
| 505 | 0 |
_aPrimera parte : _tLogro y acción -- _gSegunda parte : _tAyuda y servicio -- _gTercera parte : _tInfluencia -- _gCuarta parte : _tGerencia -- _gQuinta parte : _tVisión -- _gSexta parte : _tEficiencia personal -- |
|
| 590 | _aInventariado 2018/VM | ||
| 600 | 0 |
_aMedina, Danilo _99559 |
|
| 650 | 4 |
_aLiderazgo político _9678 |
|
| 650 | 4 |
_aPresidentes _zRepública Dominicana _9599 |
|
| 651 | 0 |
_aRepública Dominicana _xPolítica y gobierno _945 |
|
| 910 | _aValidado. Control de calidad MFF | ||
| 999 |
_c46926 _d46926 |
||